000 00426nam a2200157Ia 4500
008 210716s1997 xx 000 0 und d
020 _a019563249
041 _aeng
082 _a658.1511 CHAH
100 _aChakraborty, Hrishikesh; Chakraborty, Srijit.
245 _aManagement accountancy.
250 _a1
260 _aCalcutta
_bOxford University Press
_c1997
300 _axxii,1008
650 _aManagement Accounting
999 _c202578
_d202578